[Event "Imperia op-A 55th"]
[Site "Imperia"]
[Date "2013.09.02"]
[Round "2"]
[White "Spinelli, Doriano"]
[Black "Di Lascio, Savino"]
[Result "0-1"]
[WhiteElo "2107"]
[BlackElo "1900"]
[PlyCount "52"]
[EventDate "2013.09.01"]
[EventType "swiss"]
[EventRounds "9"]
[EventCountry "ITA"]
[SourceTitle "EXT 2015"]
[Source "ChessBase"]
[SourceDate "2014.11.20"]
[SourceVersion "1"]
[SourceVersionDate "2014.11.20"]
[SourceQuality "1"]

1. e4 c6 2. d3 d5 3. Nd2 e5 4. Ngf3 Bd6 5. Be2 Ne7 6. 0-0 0-0 7. Re1 Nd7 8. Bf1 f5 9. exd5 cxd5 10. c4 e4 11. Nd4 Nf6 12. cxd5 Nexd5 13. dxe4 fxe4 14. Nxe4 Bxh2+ 15. Kh1 Nxe4 16. Rxe4 Nf6 17. Bg5 Qd5 18. Bxf6 Qxe4 19. Qb3+ Kh8 20. Nf3 Be6 21. Bxg7+ Kxg7 22. Qc3+ Be5 23. Nxe5 Qh4+ 24. Kg1 Qxf2+ 25. Kh1 Rac8 26. Bc4 Rf6 0-1

[Event "Imperia op-A 54th"]
[Site "Imperia"]
[Date "2012.09.03"]
[Round "2"]
[White "Spinelli, Doriano"]
[Black "Blasco, Domenico"]
[Result "1-0"]
[WhiteElo "2104"]
[BlackElo "1933"]
[PlyCount "77"]
[EventDate "2012.09.02"]
[EventType "swiss"]
[EventRounds "9"]
[EventCountry "ITA"]
[SourceTitle "EXT 2014"]
[Source "ChessBase"]
[SourceDate "2013.11.20"]
[SourceVersion "1"]
[SourceVersionDate "2013.11.20"]
[SourceQuality "1"]

1. e4 g6 2. Bc4 e6 3. Bb3 Bg7 4. Nf3 Ne7 5. d3 c5 6. c3 Nbc6 7. 0-0 0-0 8. Bg5 h6 9. Be3 b6 10. Qd2 Kh7 11. d4 cxd4 12. cxd4 Na5 13. d5 Nxb3 14. axb3 exd5 15. e5 Bb7 16. Nc3 a6 17. Na4 b5 18. Nc5 Bc8 19. Rfc1 d6 20. exd6 Qxd6 21. Bf4 Qb6 22. Ne5 Ra7 23. b4 Be6 24. Ra3 Rfa8 25. Re1 Nf5 26. Nxe6 fxe6 27. g4 Nd6 28. Bxh6 Ne4 29. Rxe4 dxe4 30. Rh3 Kg8 31. Bxg7 Kxg7 32. Qh6+ Kf6 33. Qf4+ Ke7 34. Rh7+ Ke8 35. Rh8+ Ke7 36. Nxg6+ Kd7 37. Rh7+ Kc6 38. Qxe4+ Kd6 39. Qe5+ 1-0

[Event "Torino Bombelli Memorial 11th"]
[Site "Torino"]
[Date "2011.09.09"]
[Round "2"]
[White "Cardino, Guido"]
[Black "Spinelli, Doriano"]
[Result "0-1"]
[WhiteElo "1452"]
[BlackElo "2098"]
[PlyCount "46"]
[EventDate "2011.09.09"]
[EventType "swiss"]
[EventRounds "5"]
[EventCountry "ITA"]
[SourceTitle "EXT 2023"]
[Source "ChessBase"]
[SourceDate "2022.10.05"]
[SourceVersion "1"]
[SourceVersionDate "2022.10.05"]
[SourceQuality "1"]

1. e4 d5 2. exd5 Nf6 3. d4 Bg4 4. Nf3 Qxd5 5. Be2 Nc6 6. c3 e6 7. Nbd2 Be7 8. 0-0 0-0 9. Re1 Rad8 10. Bc4 Qd6 11. Qc2 Bf5 12. Qd1 Nd7 13. Ne4 Bxe4 14. Rxe4 Nf6 15. Re1 e5 16. Nxe5 Nxe5 17. Rxe5 Qxe5 18. f4 Qd6 19. Qf3 Nd5 20. Bd2 c5 21. Re1 Bf6 22. Qe4 cxd4 23. cxd4 Nb4 0-1

[Event "Torino Bombelli Memorial 11th"]
[Site "Torino"]
[Date "2011.09.09"]
[Round "1"]
[White "Spinelli, Doriano"]
[Black "Carbone, Lorenzo"]
[Result "1-0"]
[WhiteElo "2098"]
[BlackElo "1759"]
[PlyCount "55"]
[EventDate "2011.09.09"]
[EventType "swiss"]
[EventRounds "5"]
[EventCountry "ITA"]
[SourceTitle "EXT 2023"]
[Source "ChessBase"]
[SourceDate "2022.10.05"]
[SourceVersion "1"]
[SourceVersionDate "2022.10.05"]
[SourceQuality "1"]

1. e4 c5 2. d4 cxd4 3. c3 dxc3 4. Nxc3 e6 5. Nf3 Be7 6. Bc4 a6 7. 0-0 Nc6 8. Qe2 Qc7 9. Rd1 d6 10. Bf4 Nf6 11. e5 dxe5 12. Nxe5 Nxe5 13. Bxe5 Qc6 14. Rac1 0-0 15. Bxf6 Bxf6 16. Ne4 Be7 17. Ng3 Qc5 18. Bxe6 Qg5 19. h4 Qf6 20. Bxc8 Raxc8 21. Rxc8 Rxc8 22. Qg4 Rc2 23. Nf5 Bf8 24. Qg5 Qxg5 25. hxg5 Rc7 26. Rd8 g6 27. Nd6 Kg7 28. Ne8+ 1-0

[Event "Torino 150 Italy Unity op"]
[Site "Torino"]
[Date "2011.06.05"]
[Round "8"]
[White "Spinelli, Doriano"]
[Black "Van Hoolandt, Patrick"]
[Result "1/2-1/2"]
[WhiteElo "2100"]
[BlackElo "2192"]
[PlyCount "89"]
[EventDate "2011.05.31"]
[EventType "swiss"]
[EventRounds "9"]
[EventCountry "ITA"]
[SourceTitle "EXT 2014"]
[Source "ChessBase"]
[SourceDate "2013.11.20"]
[SourceVersion "1"]
[SourceVersionDate "2013.11.20"]
[SourceQuality "1"]

1. e4 e5 2. Nf3 Nc6 3. d4 exd4 4. Nxd4 Nf6 5. Nc3 Bb4 6. Nxc6 bxc6 7. Bd3 0-0 8. 0-0 d5 9. exd5 cxd5 10. Na4 Bg4 11. f3 Bd7 12. c3 Bd6 13. Bg5 h6 14. Bh4 c5 15. Bc2 Rb8 16. Rb1 g5 17. Bf2 Qc7 18. h4 Kg7 19. Qd2 Bh2+ 20. Kh1 Bf4 21. Be3 Nh5 22. Bxf4 gxf4 23. Rfe1 Qd8 24. b4 cxb4 25. Qd4+ Qf6 26. Qxf6+ Kxf6 27. Nc5 Bc8 28. cxb4 Rd8 29. a4 Ng3+ 30. Kg1 Nf5 31. b5 Ne3 32. Bd3 Rg8 33. Rb2 h5 34. Kh2 Re8 35. Kg1 Be6 36. Rb4 Ke5 37. g3 Rg8 38. Kf2 Kd6 39. Nxe6 fxg3+ 40. Kxe3 Rbe8 41. Kd2 g2 42. Rg1 Rxe6 43. Rbb1 Kc5 44. a5 Rg3 45. b6 1/2-1/2

[Event "Torino 150 Italy Unity op"]
[Site "Torino"]
[Date "2011.05.31"]
[Round "1"]
[White "Passerotti, Pierluigi"]
[Black "Spinelli, Doriano"]
[Result "1-0"]
[WhiteElo "2286"]
[BlackElo "2100"]
[PlyCount "81"]
[EventDate "2011.05.31"]
[EventType "swiss"]
[EventRounds "9"]
[EventCountry "ITA"]
[SourceTitle "EXT 2014"]
[Source "ChessBase"]
[SourceDate "2013.11.20"]
[SourceVersion "1"]
[SourceVersionDate "2013.11.20"]
[SourceQuality "1"]

1. d4 d5 2. c4 e5 3. dxe5 d4 4. Nf3 Nc6 5. g3 Nge7 6. Bg2 Ng6 7. Bg5 Qd7 8. 0-0 h6 9. Bc1 Ngxe5 10. Nxe5 Nxe5 11. Qb3 Bc5 12. Nd2 0-0 13. Ne4 Qe7 14. Bd2 a5 15. Qb5 Bb6 16. f4 Nd7 17. Rfe1 Nc5 18. Nxc5 Bxc5 19. Qb3 c6 20. e4 d3+ 21. Kh1 Rd8 22. Qd1 b5 23. cxb5 cxb5 24. a3 a4 25. Bc3 Be6 26. Qd2 Bb3 27. Rf1 Qa7 28. Rae1 Rac8 29. f5 Bd4 30. f6 Bxc3 31. bxc3 Qb6 32. fxg7 Kxg7 33. e5 Bd5 34. Rf6 Rc6 35. Qxh6+ Kg8 36. Rxc6 Bxc6 37. Qxc6 Qf2 38. Rf1 Qe2 39. Qf3 Qa2 40. Qg4+ Kf8 41. e6 1-0

[Event "ITA-ch sf 70th"]
[Site "Torino"]
[Date "2010.06.24"]
[Round "5"]
[White "De Nisi, Roberta"]
[Black "Spinelli, Doriano"]
[Result "1/2-1/2"]
[WhiteElo "1916"]
[BlackElo "2112"]
[PlyCount "114"]
[EventDate "2010.06.20"]
[EventType "swiss"]
[EventRounds "9"]
[EventCountry "ITA"]
[SourceTitle "CBM 137 Extra"]
[Source "ChessBase"]
[SourceDate "2010.09.01"]
[SourceVersion "1"]
[SourceVersionDate "2010.09.01"]
[SourceQuality "1"]

1. d4 h6 2. c4 g5 3. e4 Bg7 4. Nc3 c5 5. d5 Bxc3+ 6. bxc3 Qa5 7. Bd2 d6 8. Ne2 Nf6 9. Qc2 Nbd7 10. Ng3 Ne5 11. f3 Bd7 12. a4 a6 13. Qa2 b5 14. axb5 Qxa2 15. Rxa2 0-0 16. bxa6 Rfb8 17. Be2 Rb1+ 18. Kf2 Rxh1 19. Nxh1 Ra7 20. Ng3 e6 21. h3 Bc8 22. f4 gxf4 23. Bxf4 Kg7 24. Bxe5 dxe5 25. Nh5+ Nxh5 26. Bxh5 Rxa6 27. Rxa6 Bxa6 28. Be2 Kf8 29. g4 Ke7 30. Kg3 Bc8 31. Kh4 Kf6 32. Kh5 Kg7 33. h4 f6 34. g5 hxg5 35. hxg5 f5 36. exf5 exf5 37. g6 Bd7 38. Kg5 e4 39. Bf1 Bc8 40. d6 Bd7 41. Bh3 e3 42. Bf1 f4 43. Kxf4 Kxg6 44. Kxe3 Kf6 45. Kf4 Be6 46. Be2 Bf7 47. d7 Ke7 48. Bg4 Bxc4 49. Ke5 Bf7 50. d8Q+ Kxd8 51. Kd6 Bb3 52. Kxc5 Kc7 53. Bf3 Be6 54. Bd5 Bg4 55. Kd4 Bf5 56. c4 Bg4 57. c5 Bd1 1/2-1/2

[Event "ITA-ch sf 70th"]
[Site "Torino"]
[Date "2010.06.23"]
[Round "4"]
[White "Spinelli, Doriano"]
[Black "Di Trapani, Davide"]
[Result "1/2-1/2"]
[WhiteElo "2112"]
[BlackElo "1926"]
[PlyCount "52"]
[EventDate "2010.06.20"]
[EventType "swiss"]
[EventRounds "9"]
[EventCountry "ITA"]
[SourceTitle "CBM 137 Extra"]
[Source "ChessBase"]
[SourceDate "2010.09.01"]
[SourceVersion "1"]
[SourceVersionDate "2010.09.01"]
[SourceQuality "1"]

1. e4 e5 2. Nc3 Nc6 3. Bc4 Bc5 4. Nf3 d6 5. Na4 Nf6 6. d3 0-0 7. b4 Bb6 8. h3 Bd7 9. Bg5 Qe7 10. Nh4 Kh8 11. Nxb6 axb6 12. Qf3 Ra3 13. Rc1 h6 14. Be3 Nh7 15. Nf5 Qf6 16. g4 g6 17. h4 gxf5 18. g5 fxe4 19. Qxf6+ Nxf6 20. gxf6 Nd8 21. Bxh6 Rg8 22. Bg7+ Kh7 23. Rg1 Be6 24. Rg5 Bxc4 25. Rh5+ Kg6 26. Rg5+ Kh7 1/2-1/2

[Event "ITA-ch sf 70th"]
[Site "Torino"]
[Date "2010.06.21"]
[Round "2"]
[White "Spinelli, Doriano"]
[Black "La Manna, Andrea"]
[Result "0-1"]
[WhiteElo "2112"]
[BlackElo "2229"]
[PlyCount "60"]
[EventDate "2010.06.20"]
[EventType "swiss"]
[EventRounds "9"]
[EventCountry "ITA"]
[SourceTitle "CBM 137 Extra"]
[Source "ChessBase"]
[SourceDate "2010.09.01"]
[SourceVersion "1"]
[SourceVersionDate "2010.09.01"]
[SourceQuality "1"]

1. e4 d5 2. exd5 Qxd5 3. Nc3 Qa5 4. g3 Nf6 5. Bg2 g6 6. Nge2 Bg7 7. a3 c5 8. d3 Nc6 9. Bd2 Qc7 10. h3 0-0 11. Be3 b6 12. 0-0 Bb7 13. Nf4 e6 14. Nb5 Qe7 15. g4 Rad8 16. Nc3 Ne5 17. g5 Nd5 18. Nfxd5 exd5 19. Bf4 Qd7 20. Re1 Qf5 21. Bxe5 Bxe5 22. Qg4 Qxg4 23. hxg4 Rfe8 24. Kf1 Kf8 25. Re2 Bf4 26. Rxe8+ Kxe8 27. Re1+ Kf8 28. Re2 Bxg5 29. Bxd5 Bxd5 30. Re5 Bb7 0-1

[Event "Imperia op-A 51st"]
[Site "Imperia"]
[Date "2009.09.03"]
[Round "6"]
[White "Meyer, Peter2222"]
[Black "Spinelli, Doriano"]
[Result "1/2-1/2"]
[WhiteElo "2051"]
[BlackElo "2115"]
[PlyCount "82"]
[EventDate "2009.08.30"]
[EventType "swiss"]
[EventRounds "9"]
[EventCountry "ITA"]
[SourceTitle "EXT 2011"]
[Source "ChessBase"]
[SourceDate "2010.11.26"]
[SourceVersion "1"]
[SourceVersionDate "2010.11.26"]
[SourceQuality "1"]

1. d4 d5 2. c4 e6 3. Nf3 Be7 4. Nc3 Nf6 5. Bg5 h6 6. Bh4 0-0 7. e3 b6 8. Bxf6 Bxf6 9. cxd5 exd5 10. Bd3 Bb7 11. Rc1 c5 12. Bb1 Ba6 13. dxc5 d4 14. Ne4 Nc6 15. Qa4 Bb7 16. Rd1 Qe7 17. 0-0 bxc5 18. Nxf6+ Qxf6 19. Qc2 g6 20. Qxc5 dxe3 21. Qxe3 Kh7 22. b3 Rfe8 23. Qc5 Ba6 24. Rd6 Re6 25. Rxe6 Qxe6 26. Re1 Qf6 27. h4 Rd8 28. h5 Bd3 29. Bxd3 Rxd3 30. hxg6+ fxg6 31. Rc1 Qd6 32. Qxd6 Rxd6 33. g3 Kg7 34. Rc2 Kf6 35. Kg2 Nb4 36. Re2 Nd3 37. Re4 Nc1 38. Ra4 a6 39. Ra5 Nd3 40. Ra4 Nc1 41. Nd4 Nd3 1/2-1/2

[Event "Imperia op-A 50th"]
[Site "Imperia"]
[Date "2008.08.31"]
[Round "1"]
[White "Spinelli, Doriano"]
[Black "Sulava, Nenad"]
[Result "0-1"]
[WhiteElo "2151"]
[BlackElo "2492"]
[PlyCount "58"]
[EventDate "2008.08.31"]
[EventType "swiss"]
[EventRounds "9"]
[EventCountry "ITA"]
[SourceTitle "MCD"]
[Source "ChessBase"]
[SourceDate "1999.07.01"]
[SourceVersion "1"]
[SourceVersionDate "1999.07.01"]
[SourceQuality "1"]

1. e4 c5 2. Nc3 a6 3. g3 b5 4. Bg2 Bb7 5. d3 e6 6. Be3 Nf6 7. f4 d5 8. e5 Nfd7 9. Bf2 Nc6 10. Nf3 Be7 11. a4 0-0 12. 0-0 b4 13. Ne2 a5 14. c4 bxc3 15. Nxc3 Ba6 16. Re1 Nb4 17. Bf1 Rb8 18. d4 c4 19. f5 exf5 20. e6 fxe6 21. Rxe6 Nf6 22. Ne5 Bc8 23. Nc6 Nxc6 24. Rxc6 Rxb2 25. Rb1 Rxb1 26. Qxb1 Bb4 27. Nb5 Ne4 28. Qc2 f4 29. Bg2 Bf5 0-1

[Event "Imperia op-A 49th"]
[Site "Imperia"]
[Date "2007.09.03"]
[Round "2"]
[White "Pesce, Gabriele"]
[Black "Spinelli, Doriano"]
[Result "1-0"]
[WhiteElo "2000"]
[BlackElo "2155"]
[PlyCount "33"]
[EventDate "2007.09.02"]
[EventType "swiss"]
[EventRounds "9"]
[EventCountry "ITA"]
[SourceTitle "EXT 2009"]
[Source "ChessBase"]
[SourceDate "2008.11.26"]
[SourceVersion "1"]
[SourceVersionDate "2008.11.26"]
[SourceQuality "1"]

1. e4 d5 2. exd5 Nf6 3. d4 Bg4 4. Be2 Bxe2 5. Qxe2 Qxd5 6. Nf3 e6 7. c4 Qh5 8. Nc3 Bb4 9. a3 Bxc3+ 10. bxc3 0-0 11. Bg5 Nbd7 12. Bxf6 Nxf6 13. Rb1 Qa5 14. 0-0 Rab8 15. Qe5 Qxc3 16. Qxc7 Rfc8 17. Rxb7 1-0

[Event "Imperia op-A 49th"]
[Site "Imperia"]
[Date "2007.09.02"]
[Round "1"]
[White "Sulava, Nenad"]
[Black "Spinelli, Doriano"]
[Result "1-0"]
[WhiteElo "2544"]
[BlackElo "2155"]
[PlyCount "87"]
[EventDate "2007.09.02"]
[EventType "swiss"]
[EventRounds "9"]
[EventCountry "ITA"]
[SourceTitle "EXT 2009"]
[Source "ChessBase"]
[SourceDate "2008.11.26"]
[SourceVersion "1"]
[SourceVersionDate "2008.11.26"]
[SourceQuality "1"]

1. d4 d5 2. c4 e6 3. Nf3 Be7 4. Nc3 Nf6 5. Bg5 h6 6. Bxf6 Bxf6 7. e3 c6 8. Rc1 0-0 9. Bd3 Nd7 10. cxd5 exd5 11. h4 Re8 12. g4 Bxd4 13. Nxd4 Ne5 14. Nf5 d4 15. Ne4 Bxf5 16. gxf5 dxe3 17. Bb1 Qa5+ 18. Kf1 Rad8 19. Qe2 Qd5 20. Rg1 Nd7 21. Qxe3 Qb5+ 22. Qd3 Qxb2 23. Qc3 Qxc3 24. Rxc3 Kf8 25. Nd6 Re5 26. Nxb7 Rb8 27. Rb3 Nb6 28. Nd6 Rd8 29. Ne4 Rd1+ 30. Kg2 Rxb1 31. Rgxb1 Rxe4 32. Ra3 Na4 33. Rb7 a6 34. Rd3 Nc5 35. Rd8+ Re8 36. Rxe8+ Kxe8 37. Rc7 Nd3 38. Rxc6 Nb4 39. Rc8+ Kd7 40. Rg8 Nxa2 41. Rxg7 Ke7 42. Rh7 a5 43. Rxh6 Nb4 44. Rb6 1-0

[Event "Imperia op-A 46th"]
[Site "Imperia"]
[Date "2004.09.08"]
[Round "4"]
[White "Poloch, Petr"]
[Black "Spinelli, Doriano"]
[Result "1-0"]
[WhiteElo "2291"]
[BlackElo "2144"]
[PlyCount "87"]
[EventDate "2004.09.05"]
[EventType "swiss"]
[EventRounds "9"]
[EventCountry "ITA"]
[SourceTitle "EXT 2005"]
[Source "ChessBase"]
[SourceDate "2004.11.15"]
[SourceVersion "1"]
[SourceVersionDate "2004.11.15"]
[SourceQuality "1"]

1. e4 d5 2. exd5 Nf6 3. d4 Bg4 4. Nf3 Qxd5 5. Be2 Nc6 6. h3 Bh5 7. 0-0 e6 8. Be3 a6 9. c4 Qd7 10. Qb3 Na5 11. Qc2 Bg6 12. Qc1 Nc6 13. Rd1 Qc8 14. Nc3 Bb4 15. d5 exd5 16. Nxd5 Nxd5 17. cxd5 Ne7 18. Bc5 Bxc5 19. Qxc5 b6 20. Qc3 0-0 21. Rac1 Ra7 22. Ne5 Rd8 23. Bg4 Qa8 24. Bf3 Qc8 25. Qb4 Rd6 26. Nc4 Qd8 27. Nxd6 cxd6 28. Rc3 h6 29. Rdc1 Kh7 30. h4 a5 31. Qf4 Kg8 32. h5 Bf5 33. g4 Bc8 34. Be4 f6 35. Bd3 Ba6 36. Bf5 Kf8 37. Be6 b5 38. Qe4 f5 39. Rf3 Rc7 40. Rxc7 Qxc7 41. Bxf5 Nxf5 42. Rxf5+ Kg8 43. Qe6+ Kh7 44. Rf8 1-0

[Event "Imperia op-A 43rd"]
[Site "Imperia"]
[Date "2001.09.09"]
[Round "9"]
[White "Spinelli, Doriano"]
[Black "Faraci, Antonino"]
[Result "1-0"]
[WhiteElo "2170"]
[BlackElo "2115"]
[PlyCount "77"]
[EventDate "2001.09.02"]
[EventType "swiss"]
[EventRounds "9"]
[EventCountry "ITA"]
[SourceTitle "EXT 2024"]
[Source "ChessBase"]
[SourceDate "2023.10.10"]
[SourceVersion "1"]
[SourceVersionDate "2023.10.10"]
[SourceQuality "1"]

1. e4 e5 2. Nf3 Nf6 3. Nxe5 d6 4. Nf3 Nxe4 5. Qe2 Qe7 6. d3 Nf6 7. Bg5 Qxe2+ 8. Bxe2 Be7 9. Nc3 c6 10. 0-0-0 d5 11. Rhe1 0-0 12. d4 Nbd7 13. a3 Bd6 14. Bd3 b5 15. Ne5 Bb7 16. Bf5 Nb6 17. h4 Ne8 18. h5 a5 19. h6 g6 20. Nd7 Nxd7 21. Bxd7 b4 22. Nb1 f6 23. Be3 bxa3 24. bxa3 Nc7 25. a4 Kf7 26. Bh3 Rfb8 27. Nd2 Ba6 28. Nb3 Bc4 29. Nc5 f5 30. Bg5 Bxc5 31. dxc5 Re8 32. Bf4 Rxe1 33. Rxe1 Ne6 34. Bd6 Ra7 35. f4 Rb7 36. g4 Nd4 37. gxf5 Nxf5 38. Bxf5 gxf5 39. Rg1 1-0

[Event "Imperia op-A 43rd"]
[Site "Imperia"]
[Date "2001.09.02"]
[Round "1"]
[White "Sulava, Nenad"]
[Black "Spinelli, Doriano"]
[Result "1-0"]
[WhiteElo "2531"]
[BlackElo "2170"]
[PlyCount "61"]
[EventDate "2001.09.02"]
[EventType "swiss"]
[EventRounds "9"]
[EventCountry "ITA"]
[SourceTitle "CBM 084 Extra"]
[Source "ChessBase"]
[SourceDate "2001.10.26"]
[SourceVersion "1"]
[SourceVersionDate "2001.10.26"]
[SourceQuality "1"]

1. Nf3 d5 2. d4 Nf6 3. c4 e6 4. g3 Be7 5. Bg2 0-0 6. Qc2 c6 7. 0-0 Nbd7 8. Rd1 b6 9. b3 Bb7 10. Nc3 Rc8 11. e4 Nxe4 12. Nxe4 dxe4 13. Qxe4 Nf6 14. Qc2 Qc7 15. Bf4 Bd6 16. Bxd6 Qxd6 17. c5 Qe7 18. h4 Rfd8 19. b4 Nd7 20. a4 f6 21. a5 bxc5 22. a6 Ba8 23. dxc5 e5 24. Nd2 Nf8 25. Nc4 Rb8 26. Rxd8 Rxd8 27. Nd6 Ne6 28. Qc4 Kf8 29. f4 Rxd6 30. cxd6 Qxd6 31. fxe5 1-0

[Event "Imperia op-A 42nd"]
[Site "Imperia"]
[Date "2000.09.07"]
[Round "5"]
[White "Giuliano, Arturo"]
[Black "Spinelli, Doriano"]
[Result "1/2-1/2"]
[WhiteElo "1965"]
[BlackElo "2185"]
[PlyCount "106"]
[EventDate "2000.09.03"]
[EventType "swiss"]
[EventRounds "9"]
[EventCountry "ITA"]
[SourceTitle "EXT 2001"]
[Source "ChessBase"]
[SourceDate "2000.11.22"]
[SourceVersion "1"]
[SourceVersionDate "2000.11.22"]
[SourceQuality "1"]

1. e4 d5 2. exd5 Nf6 3. Bb5+ Nbd7 4. c4 g6 5. Nf3 Bg7 6. 0-0 0-0 7. Ba4 Nc5 8. Bc2 b5 9. d4 Ncd7 10. b3 Nb6 11. Nbd2 Nbd7 12. Ba3 Ba6 13. Re1 Re8 14. Bd3 bxc4 15. bxc4 Nxd5 16. Be4 Nc3 17. Qc2 Nxe4 18. Nxe4 Nb6 19. Bc5 Nxc4 20. Qa4 Qc8 21. Rab1 Nb6 22. Qa3 e6 23. Ne5 Bb7 24. Qg3 f6 25. Nxg6 hxg6 26. Qxg6 Bxe4 27. Rxe4 Nd5 28. Rh4 Ne7 29. Qh7+ Kf7 30. Rg4 Nf5 31. Qg6+ Kg8 32. Rb3 Rb8 33. Rxb8 Qxb8 34. h4 Qc8 35. h5 e5 36. h6 Qd7 37. hxg7 Nxg7 38. Rh4 Qf5 39. Qg3 Kf7 40. Qb3+ Ne6 41. dxe5 Rg8 42. Be3 fxe5 43. Rh6 Qg4 44. Rh7+ Kf6 45. Rh6+ Kf7 46. g3 Qf5 47. Bxa7 Rd8 48. Rh4 Rd3 49. Qb7 Ng5 50. Qxc7+ Rd7 51. Qc4+ Kf6 52. Qc6+ Kf7 53. Qc4+ Kf6 1/2-1/2

[Event "Turin SVOLTA op"]
[Site "Turin"]
[Date "2000.06.04"]
[Round "8"]
[White "Spinelli, Doriano"]
[Black "Saccona, Silvano"]
[Result "1-0"]
[WhiteElo "2189"]
[BlackElo "2113"]
[PlyCount "81"]
[EventDate "2000.05.06"]
[EventType "swiss"]
[EventRounds "8"]
[EventCountry "ITA"]
[SourceTitle "CBM 076 Extra"]
[Source "ChessBase"]
[SourceDate "2000.07.11"]
[SourceVersion "1"]
[SourceVersionDate "2000.07.11"]
[SourceQuality "1"]

1. e4 c6 2. d3 d5 3. Nd2 dxe4 4. dxe4 g6 5. Ngf3 Bg4 6. h3 Bxf3 7. Qxf3 Nd7 8. g3 Bg7 9. Bg2 Ngf6 10. 0-0 0-0 11. Qe2 Qc7 12. Nc4 e5 13. Bg5 b5 14. Nd2 Nc5 15. Be3 Ne6 16. c3 a6 17. a4 Rfd8 18. Rfe1 Qd6 19. Bf1 Nc5 20. Bxc5 Qxc5 21. Nb3 Qe7 22. Na5 Rac8 23. b4 Bh6 24. Nb3 Nd7 25. Red1 Qe6 26. Qc2 Bf8 27. Kh2 Be7 28. h4 Nf6 29. f3 Rxd1 30. Rxd1 bxa4 31. Na5 h5 32. Bh3 Ng4+ 33. fxg4 hxg4 34. Bf1 c5 35. Bc4 Qb6 36. Qf2 Qf6 37. Qxf6 Bxf6 38. Bxa6 Ra8 39. b5 Kg7 40. Nc6 Rh8 41. b6 1-0

[Event "ITA-ch sf"]
[Site "Turin"]
[Date "2000.??.??"]
[Round "2"]
[White "Bellia, Fabrizio"]
[Black "Spinelli, Doriano"]
[Result "1-0"]
[WhiteElo "2321"]
[BlackElo "2189"]
[PlyCount "82"]
[EventDate "2000.??.??"]
[EventType "swiss"]
[EventRounds "8"]
[EventCountry "ITA"]
[SourceTitle "EXT 2001"]
[Source "ChessBase"]
[SourceDate "2000.11.22"]
[SourceVersion "1"]
[SourceVersionDate "2000.11.22"]
[SourceQuality "1"]

1. e4 d5 2. exd5 Nf6 3. d4 Bg4 4. f3 Bf5 5. Bb5+ c6 6. dxc6 bxc6 7. Bd3 e6 8. Ne2 Bd6 9. Nbc3 Bg6 10. Bxg6 hxg6 11. Bf4 Nh5 12. Bxd6 Qxd6 13. Qd2 Nd7 14. Ne4 Qe7 15. Qc3 Rc8 16. 0-0 f5 17. Nc5 Qh4 18. Qe3 Nxc5 19. dxc5 Kf7 20. h3 g5 21. Rad1 Rc7 22. Rd6 Rh6 23. Rfd1 Nf4 24. Nxf4 gxf4 25. Qf2 Qg5 26. Kf1 e5 27. Qe2 Rf6 28. Qxe5 Re7 29. Rd7 Rfe6 30. Rxe7+ Rxe7 31. Qd4 Qg3 32. Qf2 Qh2 33. b4 Re3 34. c4 g5 35. Qd2 Kg6 36. Qd7 Rxf3+ 37. gxf3 Qxh3+ 38. Ke2 Qg2+ 39. Ke1 Qh1+ 40. Kd2 Qxf3 41. Qe8+ Kf6 1-0

[Event "ITA-ch sf"]
[Site "Turin"]
[Date "2000.??.??"]
[Round "7"]
[White "Spinelli, Doriano"]
[Black "Petruccioli, Antonio"]
[Result "0-1"]
[WhiteElo "2189"]
[BlackElo "2114"]
[PlyCount "98"]
[EventDate "2000.??.??"]
[EventType "swiss"]
[EventRounds "8"]
[EventCountry "ITA"]
[SourceTitle "EXT 2001"]
[Source "ChessBase"]
[SourceDate "2000.11.22"]
[SourceVersion "1"]
[SourceVersionDate "2000.11.22"]
[SourceQuality "1"]

1. e4 c5 2. Nc3 e6 3. b3 Nc6 4. Bb2 Nf6 5. Nf3 d6 6. d4 cxd4 7. Nxd4 Be7 8. Nxc6 bxc6 9. g4 0-0 10. Bg2 e5 11. h3 Be6 12. 0-0 Qc7 13. g5 Ne8 14. Bc1 f5 15. f4 g6 16. Na4 fxe4 17. fxe5 Rxf1+ 18. Qxf1 d5 19. Bf4 Ng7 20. Qc1 Rf8 21. c4 Qd8 22. Bd2 Rf5 23. cxd5 cxd5 24. h4 Rxe5 25. Nc5 Bg4 26. b4 Bf8 27. Qb2 Re8 28. Qb3 Ne6 29. Rc1 Nd4 30. Qb2 Bg7 31. Kh1 Ne2 32. Qb3 Nxc1 33. Bxc1 Bf3 34. Bf4 Qc8 35. Qxd5+ Kh8 36. Qd7 Bxg2+ 37. Kxg2 Qxd7 38. Nxd7 Bd4 39. Nf6 Bxf6 40. gxf6 Kg8 41. Be3 a6 42. Bc5 Kf7 43. Be7 Rc8 44. a4 Rc3 45. a5 h5 46. Bd8 Ke6 47. Be7 Rb3 48. Kh2 Rf3 49. Kg2 Rf5 0-1